Algebra IX : Finite groups of Lie type, Finite-dimensional division algebras /

Guardado en:
Otros Autores: Kostrikin, A. I. (Editor ), Shafarevich, I. R. 1923- (Editor )
Formato: Libro
Idioma:English
Russian
Publicado: Berlin : Springer, c1996.
Series:Encyclopaedia of mathematical sciences ; v. 77
Acceso en línea:Google Book Search
Etiquetas: Agregar Etiqueta
Sin Etiquetas, Sea el primero en etiquetar este registro!
LEADER 01247nam a22002655a 4500
001 MAT.inmabb004257
008 070222s1996####gw#a#####b####001#0#eng#d
005 20170530130413.0
245 1 0 |a Algebra IX :  |b Finite groups of Lie type, Finite-dimensional division algebras /  |c A. I. Kostrikin, I. R. Shafarevich (eds.). 
260 |a Berlin :  |b Springer,  |c c1996. 
300 |a 239 p. :  |b il. ;  |c 24 cm. 
440 0 |a Encyclopaedia of mathematical sciences ;  |v v. 77 
500 |a Traducido de la edición rusa (Moscú : VINITI, 1992). 
504 |a Incluye referencias bibliográficas e índices. 
505 0 0 |t On the representation theory of the finite groups of Lie type over an algebraically closed field of characteristic 0 /  |r R. W. Carter --  |t Finite-dimensional division algebras /  |r V. P. Platonov and V. I. Yanchevskii. 
510 4 |a MR,  |c 97a:00047 
020 |a 3540570381 
020 |a 0387570381 (New York) 
700 1 |a Kostrikin, A. I.  |q (Aleksei Ivanovich)  |4 edt 
700 1 |a Shafarevich, I. R.  |q (Igor Rostislavovich),  |d 1923-  |4 edt 
246 3 |a Algebra 9 
084 |a 00B55 (17-06 20-06)  |2 MR 
041 1 |a eng  |h rus 
856 4 |u http://books.google.com/books?vid=ISBN3540570381  |y Google Book Search 
859 |h 17  |i Al394  |p A-7385  |v 9  |b BIB. MATEMATICA